| 000 | 00607nam a2200193Ia 4500 | ||
|---|---|---|---|
| 003 | GCL | ||
| 008 | 140319s9999 xx 000 0 ara d | ||
| 040 |
_aGCL / _cGCL |
||
| 082 | 0 | 4 |
_a811 _bح د |
| 100 | 1 | _aحامد طاهر | |
| 245 | 1 | 0 |
_aديوان التباهى: دراسة وتحقيق ديوان منتحل من الشعر العربى القديم / _cحامد طاهر |
| 260 |
_aالقاهرة : _bمكتبة الاداب |
||
| 300 | _a78 ص | ||
| 490 | _a | ||
| 650 | 0 | 4 | _aالشعر العربى |
| 650 | 0 | 4 | _aالقصائد والاشعار |
| 650 | 0 | 4 | _aالتباهى |
| 942 |
_2ddc _cBK |
||
| 999 |
_c54864 _d54864 |
||